MARC details
| 000 -LEADER |
| fixed length control field |
04680cam a2200925 i 4500 |
| 001 - CONTROL NUMBER |
| control field |
1739 |
| 003 - CONTROL NUMBER IDENTIFIER |
| control field |
FISKH |
| 005 - DATE AND TIME OF LATEST TRANSACTION |
| control field |
20241107104346.0 |
| 008 - FIXED-LENGTH DATA ELEMENTS--GENERAL INFORMATION |
| fixed length control field |
150414m20082009enka j 001 0 |
| 010 ## - LIBRARY OF CONGRESS CONTROL NUMBER |
| LC control number |
2015301007 |
| 020 ## - INTERNATIONAL STANDARD BOOK NUMBER |
| International Standard Book Number |
9781407110356 (kit) |
| 020 ## - INTERNATIONAL STANDARD BOOK NUMBER |
| International Standard Book Number |
1407110357 (kit) |
| 020 ## - INTERNATIONAL STANDARD BOOK NUMBER |
| International Standard Book Number |
9781407110264 (vol. 1 : pbk.) |
| 020 ## - INTERNATIONAL STANDARD BOOK NUMBER |
| International Standard Book Number |
9780439944496 (vol. 2 : pbk.) |
| 020 ## - INTERNATIONAL STANDARD BOOK NUMBER |
| International Standard Book Number |
9780439944472 (vol. 3 : pbk.) |
| 020 ## - INTERNATIONAL STANDARD BOOK NUMBER |
| International Standard Book Number |
9780439944502 (vol. 4 : pbk.) |
| 020 ## - INTERNATIONAL STANDARD BOOK NUMBER |
| International Standard Book Number |
9780439944465 (vol. 5 : pbk.) |
| 020 ## - INTERNATIONAL STANDARD BOOK NUMBER |
| International Standard Book Number |
9780439944458 (vol. 6 : pbk.) |
| 020 ## - INTERNATIONAL STANDARD BOOK NUMBER |
| International Standard Book Number |
9781407105352 (vol. 7 : pbk.) |
| 020 ## - INTERNATIONAL STANDARD BOOK NUMBER |
| International Standard Book Number |
9780439944489 (vol. 8 : pbk.) |
| 020 ## - INTERNATIONAL STANDARD BOOK NUMBER |
| International Standard Book Number |
9781407110271 (vol. 9 : pbk.) |
| 020 ## - INTERNATIONAL STANDARD BOOK NUMBER |
| International Standard Book Number |
9781407106113 (vol. 10 : pbk.) |
| 020 ## - INTERNATIONAL STANDARD BOOK NUMBER |
| International Standard Book Number |
9781407109602 (vol. 11 : pbk.) |
| 020 ## - INTERNATIONAL STANDARD BOOK NUMBER |
| International Standard Book Number |
9781407106137 (vol. 12 : pbk.) |
| 020 ## - INTERNATIONAL STANDARD BOOK NUMBER |
| International Standard Book Number |
9780439944519 (vol. 13 : pbk.) |
| 020 ## - INTERNATIONAL STANDARD BOOK NUMBER |
| International Standard Book Number |
9781407109572 (vol. 14 : pbk.) |
| 020 ## - INTERNATIONAL STANDARD BOOK NUMBER |
| International Standard Book Number |
9781407105369 (vol. 15 : pbk.) |
| 020 ## - INTERNATIONAL STANDARD BOOK NUMBER |
| International Standard Book Number |
9781407106106 (vol. 16 : pbk.) |
| 020 ## - INTERNATIONAL STANDARD BOOK NUMBER |
| International Standard Book Number |
9781407106144 (vol. 17 : pbk.) |
| 020 ## - INTERNATIONAL STANDARD BOOK NUMBER |
| International Standard Book Number |
9781407109589 (vol. 18 : pbk.) |
| 020 ## - INTERNATIONAL STANDARD BOOK NUMBER |
| International Standard Book Number |
9780439944526 (vol. 19 : pbk.) |
| 020 ## - INTERNATIONAL STANDARD BOOK NUMBER |
| International Standard Book Number |
9781407106151 (vol. 20 : pbk.) |
| 040 ## - CATALOGING SOURCE |
| Original cataloging agency |
DLC |
| Language of cataloging |
eng |
| Description conventions |
rda |
| Transcribing agency |
DLC |
| 042 ## - AUTHENTICATION CODE |
| Authentication code |
pcc |
| 050 00 - LIBRARY OF CONGRESS CALL NUMBER |
| Classification number |
Q180.2 |
| Item number |
A76 2009 |
| 082 ## - DEWEY DECIMAL CLASSIFICATION NUMBER |
| Classification number |
Fic |
| 100 1# - MAIN ENTRY--PERSONAL NAME |
| Personal name |
Arnold, Nick, |
| Relator term |
author. |
| 245 10 - TITLE STATEMENT |
| Title |
Horrible science / |
| Remainder of title |
the fight for flight |
| Statement of responsibility, etc. |
Nick Arnold illustrated by Tony de Saulles |
| 264 #1 - PRODUCTION, PUBLICATION, DISTRIBUTION, MANUFACTURE, AND COPYRIGHT NOTICE |
| Place of production, publication, distribution, manufacture |
London, UK : |
| Name of producer, publisher, distributor, manufacturer |
Scholastic Children's Books, |
| Date of production, publication, distribution, manufacture, or copyright notice |
2008-2009. |
| 300 ## - PHYSICAL DESCRIPTION |
| Extent |
20 volumes : |
| Other physical details |
illustrations ; |
| Dimensions |
20 cm |
| 336 ## - CONTENT TYPE |
| Content type term |
text |
| Content type code |
txt |
| Source |
rdacontent |
| 337 ## - MEDIA TYPE |
| Media type term |
unmediated |
| Media type code |
n |
| Source |
rdamedia |
| 338 ## - CARRIER TYPE |
| Carrier type term |
volume |
| Carrier type code |
nc |
| Source |
rdacarrier |
| 500 ## - GENERAL NOTE |
| General note |
Title, Horrible science, is in each volume and on each side of case and case bottom. Various phrases are on case top and sides, e.g., Bulging box of books, 20 brilliant books in one bulging box, and Science with the squishy bits left in! |
| 500 ## - GENERAL NOTE |
| General note |
All volumes by Nick Arnold except for "Evolve or Die" by Phil Gates. All volumes are illustrated by Tony De Saulles. |
| 500 ## - GENERAL NOTE |
| General note |
Contents indicated on side of case. |
| 500 ## - GENERAL NOTE |
| General note |
Each volume contains own index. |
| 505 0# - FORMATTED CONTENTS NOTE |
| Formatted contents note |
Q |
| 505 0# - FORMATTED CONTENTS NOTE |
| Formatted contents note |
[volume 1]. Angry animals -- [volume 2]. Blood, bones, and body bits -- [volume 3]. Bulging brains -- [volume 4]. Chemical chaos -- [volume 5]. Deadly diseases -- [volume 6]. Disgusting digestion -- [volume 7]. Evolve or die -- [volume 8]. Fatal forces -- [volume 9]. The fight for flight -- [volume 10]. Frightening light -- [volume 11]. Killer energy -- [volume 12]. Microscopic monsters -- [volume 13]. Nasty nature -- [volume 14]. Painful poison -- [volume 15]. Shocking electricity -- [volume 16]. Sounds dreadful -- ]volume 17]. Space, stars, and slimy aliens -- [volume 18]. The terrible truth about time -- [volume 19]. Ugly bugs -- [volume 20]. Vicious veg. |
| 520 ## - SUMMARY, ETC. |
| Summary, etc. |
Science with the squishy bits left in! 'The Fearsome Fight for Flight' will send you sky-high! Are you in a flap to discover who put a parachute on a puppy? Why scientists fire dead birds from cannon? What happened to the world's first flying sheep? If you think you can stomach the sick side of science, then read on as we go plane crazy. Laugh at some seriously silly flying stunts, find out which scientist was blown up in a balloon, and learn how to build a world-beating plane. With fantastic fact files, quirky quizzes and crazy cartoons 'The Fearsome Fight for Flight' is a real high-flier! Science has never been so horrible! |
| 521 8# - TARGET AUDIENCE NOTE |
| Target audience note |
910 <br/> |
| Source |
Lexile |
| 521 8# - TARGET AUDIENCE NOTE |
| Target audience note |
Q <br/> |
| Source |
Raz-Plus |
| 650 #0 - SUBJECT ADDED ENTRY--TOPICAL TERM |
| Topical term or geographic name entry element |
Science |
| Form subdivision |
Juvenile literature. |
| 650 #0 - SUBJECT ADDED ENTRY--TOPICAL TERM |
| Topical term or geographic name entry element |
Science |
| General subdivision |
Study and teaching (Primary) |
| 700 1# - ADDED ENTRY--PERSONAL NAME |
| Personal name |
De Saulles, Tony, |
| Relator term |
illustrator. |
| 700 1# - ADDED ENTRY--PERSONAL NAME |
| Personal name |
Gates, Phil, |
| Relator term |
author. |
| 740 02 - ADDED ENTRY--UNCONTROLLED RELATED/ANALYTICAL TITLE |
| Uncontrolled related/analytical title |
Angry animals. |
| 740 02 - ADDED ENTRY--UNCONTROLLED RELATED/ANALYTICAL TITLE |
| Uncontrolled related/analytical title |
Blood, bones, and body bits. |
| 740 02 - ADDED ENTRY--UNCONTROLLED RELATED/ANALYTICAL TITLE |
| Uncontrolled related/analytical title |
Bulging brains. |
| 740 02 - ADDED ENTRY--UNCONTROLLED RELATED/ANALYTICAL TITLE |
| Uncontrolled related/analytical title |
Chemical chaos. |
| 740 02 - ADDED ENTRY--UNCONTROLLED RELATED/ANALYTICAL TITLE |
| Uncontrolled related/analytical title |
Deadly diseases. |
| 740 02 - ADDED ENTRY--UNCONTROLLED RELATED/ANALYTICAL TITLE |
| Uncontrolled related/analytical title |
Disgusting digestion. |
| 740 02 - ADDED ENTRY--UNCONTROLLED RELATED/ANALYTICAL TITLE |
| Uncontrolled related/analytical title |
Evolve or die. |
| 740 02 - ADDED ENTRY--UNCONTROLLED RELATED/ANALYTICAL TITLE |
| Uncontrolled related/analytical title |
Fatal forces. |
| 740 02 - ADDED ENTRY--UNCONTROLLED RELATED/ANALYTICAL TITLE |
| Uncontrolled related/analytical title |
Fight for flight. |
| 740 02 - ADDED ENTRY--UNCONTROLLED RELATED/ANALYTICAL TITLE |
| Uncontrolled related/analytical title |
Frightening light. |
| 740 02 - ADDED ENTRY--UNCONTROLLED RELATED/ANALYTICAL TITLE |
| Uncontrolled related/analytical title |
Killer energy. |
| 740 02 - ADDED ENTRY--UNCONTROLLED RELATED/ANALYTICAL TITLE |
| Uncontrolled related/analytical title |
Microscopic monsters. |
| 740 02 - ADDED ENTRY--UNCONTROLLED RELATED/ANALYTICAL TITLE |
| Uncontrolled related/analytical title |
Nasty nature. |
| 740 02 - ADDED ENTRY--UNCONTROLLED RELATED/ANALYTICAL TITLE |
| Uncontrolled related/analytical title |
Painful poison. |
| 740 02 - ADDED ENTRY--UNCONTROLLED RELATED/ANALYTICAL TITLE |
| Uncontrolled related/analytical title |
Shocking electricity. |
| 740 02 - ADDED ENTRY--UNCONTROLLED RELATED/ANALYTICAL TITLE |
| Uncontrolled related/analytical title |
Sounds dreadful. |
| 740 02 - ADDED ENTRY--UNCONTROLLED RELATED/ANALYTICAL TITLE |
| Uncontrolled related/analytical title |
Space, stars, and slimy aliens. |
| 740 02 - ADDED ENTRY--UNCONTROLLED RELATED/ANALYTICAL TITLE |
| Uncontrolled related/analytical title |
Terrible truth about time. |
| 740 02 - ADDED ENTRY--UNCONTROLLED RELATED/ANALYTICAL TITLE |
| Uncontrolled related/analytical title |
Ugly bugs. |
| 740 02 - ADDED ENTRY--UNCONTROLLED RELATED/ANALYTICAL TITLE |
| Uncontrolled related/analytical title |
Vicious veg. |
| 906 ## - LOCAL DATA ELEMENT F, LDF (RLIN) |
| a |
7 |
| b |
cbc |
| c |
origres |
| d |
2 |
| e |
ncip |
| f |
20 |
| g |
y-gencatlg |
| 942 ## - ADDED ENTRY ELEMENTS (KOHA) |
| Source of classification or shelving scheme |
Library of Congress Classification |
| Koha item type |
Books |
| Suppress in OPAC |
No |